| 000 | 01481nam0a22003131 4500 | ||
|---|---|---|---|
| 001 | rc\4003832 | ||
| 005 | 20260407071822.0 | ||
| 021 |
_aRU _b[53-23450] |
||
| 035 | _a(NLR Aleph) 008074916 | ||
| 090 |
_a9086449 _c9086449 |
||
| 100 | _a20130415d1953 |||y0rusy50 ca | ||
| 101 | 0 | _arus | |
| 102 | _aRU | ||
| 105 | _ay z ||||| | ||
| 200 | 1 |
_aН.Г. Чернышевский. 1828-1889 _eК 125-летию со дня рождения _eКраткий рек. список литературы _fГос. ордена Труд. Красного Знамени публичная б-ка им. М.Е. Салтыкова-Щедрина |
|
| 210 |
_aЛенинград _cБ. и. _d1953 |
||
| 215 |
_a7 с. _d20 |
||
| 300 | _aСост. указан в вып. дан. | ||
| 606 |
_aРеволюционные демократы, русские _jБиблиография _2psbo |
||
| 606 |
_aПисатели русские _z19 в. _jБиблиография _2psbo |
||
| 700 | 1 |
_7ca _8rus _aЖилина _bЕ. Н. _f1906-1964 _gЕкатерина Николаевна _9215155 _3RU\NLR\AUTH\770215211 |
|
| 702 | 1 |
_aЧернышевский _bН.Г. _f1828-1889 _gНиколай Гаврилович _4570 |
|
| 712 | 0 | 2 |
_aПубличная библиотека им. М. Е. Салтыкова-Щедрина _cЛенинград _3RU\NLR\AUTH\88594 _9272032 |
| 801 | 0 |
_aRU _bNLR _gpsbo |
|
| 801 | 1 |
_aRU _bELAR _2rusmarc |
|
| 852 |
_aNLR _j641/Ч-49 |
||
| 942 | _cBOOK | ||
| 980 | _aNB | ||